00828nam a2200217 a 450000100100000000500170001000800410002702000180006804000250008608200200011110000390013124500460017026000610021630000210027750000670029865000360036565000370040191000370043895201180047599900170059300004214220201002035951.0131114s2012 pr 000 p spa d a9780984157136 aDO-SdBNPbspacBNPHU aPR861.44bA797e1 aArzola, Marina,d1939-1976.91470210aEstaciones de la espera /cMarina Arzola. aSan Juan, Puerto Rico :bLos Libros de la Iguana,c2012. a130 p. ;c22 cm. aIncluye datos biográficos de la autora en la contracubierta. 4aPoesía puertorriqueña91015 4aLiteratura puertorriqueña9250 aValidado. Control de calidad MFF 001050718MOaGRbGRcHDd2013-11-14iLF1l0oPR861.44 A797ep42142-10r2020-06-25w2020-06-25y1ZNo se presta c41631d41631